01150nam a2200253 a 450000100100000000500170001000800410002702000180006804000250008610000270011124501230013825000110026126000400027230000230031249000390033550000520037470000400042670000380046683000460050495201120055095201060066295201110076899900170087900003790820250219074027.0130308s2012 dr 000 0 spa d a9789945460186 aDO-SdBNPbspacBNPHU1 aGenao, P. Julio91606110aIglesia, supersticiones e influencias satánicas :bayudas pastorales /cP. Julio Genao, Nerys B. Paulino de Bonilla. a2a ed. aSanto Domingo :bSantuario ,c2012. a121 p. : ;c23 cm.1 aColección formación católica aBreve biografía de los autores en las solapas1 aPaulino de Bonilla, Nerys B.9160651 aPérez, Isael,d1961-eed.91414 0aColección formación católica964350 00107-18DSaGRbGRcOId2013-03-08iLF1l0o p37908-30r2020-06-25te. 3w2020-06-25yLFDSZNo se presta 00107-18PDaPDbPDcOId2013-03-08iLF1l0o p37908-10r2020-06-25w2020-06-25yLFPDZNo se presta 0010728PDaPDbPDcOId2013-03-08iLF1l0o p37908-20r2020-06-25te. 2w2020-06-25yLFPDZNo se presta c37398d37398